The dream is alive! : music of the space shuttles /

Bibliographic Details
Uniform Title:Dream is alive! (Tesseract Studios)
Main Author: Ellis, Joe (Composer, Singer)
Format: Cassette Audio
Language:English
Published: Fairfield, OH : Tesseract Studios, [between 1992 and 2007]
Subjects:

MARC

Tag First Indicator Second Indicator Subfields
LEADER 00000cjm a2200000Ii 4500
001 in00003739749
005 20170926152708.0
007 ss lunjmu|||ce
008 170206q19922007ohufmnn z n eng d
028 0 2 |a TA 10002  |b Tesseract Studios 
035 |a (OCoLC)ocn971505961 
035 |a (OCoLC)971505961 
040 |a TXA  |b eng  |e rda  |c TXA  |d UtOrBLW 
043 |a n-us--- 
049 |a TXAM 
050 1 4 |a M1630.18.E46  |b D74 1992 
130 0 |a Dream is alive! (Tesseract Studios) 
245 1 4 |a The dream is alive! :  |b music of the space shuttles /  |c Joe Ellis. 
264 1 |a Fairfield, OH :  |b Tesseract Studios,  |c [between 1992 and 2007] 
300 |a 1 audiocassette ;  |c 10 x 7 cm, 4 mm tape. 
336 |a performed music  |b prm  |2 rdacontent 
337 |a audio  |b s  |2 rdamedia 
338 |a audiocassette  |b ss  |2 rdacarrier 
344 |a analog  |b magnetic  |c 1 7/8 ips  |2 rda 
380 |a Filk songs 
511 0 |a Performed by Joe Ellis (instruments and vocals). 
500 |a The Cushing Library/Science Fiction copy forms part of the Filk Collection. 
500 |a The Cushing Library/Science Fiction copy was acquired as part of the Gary McGath Filk Collection. 
500 |a All songs written by Joe Ellis except for "A Vision of tomorrow." 
500 |a "Space filk - modern acoustic synth sounds, full orchestrations, and songs and music celebrating the Space Shuttles and the men and women who build, maintain, and fly them. The style ranges from driving rock to orchestral tone poems"--CDbaby website. 
505 0 0 |g Side 1:  |t Enterprise --  |t Columbia's children --  |t On the middeck --  |t No strings attached --  |t The challenge of space --  |t Dawn of Discovery --  |t Atlantis rising --  |t A vision of tomorrow --  |t Endeavor: Dreamlifter. 
505 0 0 |g Side 2:  |t The dream is alive! 1st mvt. Dawn, Pad 39-A --  |t 2nd Mvt. countdown, KSC control --  |t 3rd mvt. orbit, 320 km -- 4th Mvt. re-entry & landing, Edwards AFB. 
500 |a Title from cassette label. 
541 0 |a Donated by Gary McGath  |d 20131120 
650 0 |a Space shuttles  |v Songs and music. 
650 0 |a Electronic music.  |0 http://id.loc.gov/authorities/subjects/sh85042350 
650 0 |a Popular music  |z United States.  |0 http://id.loc.gov/authorities/subjects/sh85088876 
655 7 |a Novelty songs.  |2 lcgft  |0 http://id.loc.gov/authorities/genreForms/gf2014026970 
700 1 |a Ellis, Joe,  |e composer,  |e singer.  |0 http://id.loc.gov/authorities/names/n93118926 
994 |a C0  |b TXA 
948 |a cataloged  |b h  |c 2017/2/6  |d o  |e jho  |f 6:21:58 pm 
999 f f |s faa51ecd-7c3d-363c-ab81-980e13fe35da  |i 50c27b3e-adf2-38e4-a3eb-e2f56e6d9704  |t 0 
952 f f |p noncirc  |a Texas A&M University  |b College Station  |c Cushing Memorial Library & Archives  |d Cushing: Science Fiction (Does not check out)  |t 0  |e M1630.18.E46 D74 1992  |h Library of Congress classification  |i audio -- audiocassette 
998 f f |a M1630.18.E46 D74 1992  |t 0  |l Cushing: Science Fiction (Does not check out)